000
003100000a22001330004500
003
MACL
040
_a
MACL
090
_c
37785
_d
37783
100
_a
Rosenkranz, Johann Karl Friedrich
245
_a
The Philosophy of Education
260
_b
D Appleton & Co
_c
1908
650
_a
Education
942
_c
BOOK
_k
304/ROS
999
_c
37382
_d
37382